ბათუმის შოთა რუსთაველის სახელმწიფო უნივერსიტეტის ბიბლიოთეკა

ოჯახი : დრამა 4 მოქმ. 10 სურ. (ბიბ.ჩანაწერი № 50233)

000 -LEADER
fixed length control field 00718nam a2200229Ia 4500
001 - CONTROL NUMBER
control field 17171
003 - CONTROL NUMBER IDENTIFIER
control field GE_BSU
008 - FIXED-LENGTH DATA ELEMENTS--GENERAL INFORMATION
fixed length control field 181216s||||||||xx |||||||||||||| ||und||
040 ## - CATALOGING SOURCE
Transcribing agency GE_BSU
080 ## - UNIVERSAL DECIMAL CLASSIFICATION NUMBER
Universal Decimal Classification number 821.161.1-2
100 ## - MAIN ENTRY--PERSONAL NAME
Personal name პოპოვი, ი.
245 ## - TITLE STATEMENT
Title ოჯახი : დრამა 4 მოქმ. 10 სურ.
245 ## - TITLE STATEMENT
Statement of responsibility, etc. თარგმ. მიხეილ ჯაფარიძისა. რედ.დ. ფანჩულიძე
260 ## - PUBLICATION, DISTRIBUTION, ETC.
Place of publication, distribution, etc. თბილისი
260 ## - PUBLICATION, DISTRIBUTION, ETC.
Name of publisher, distributor, etc. საბჭ. მწერალი
260 ## - PUBLICATION, DISTRIBUTION, ETC.
Date of publication, distribution, etc. 1951
300 ## - PHYSICAL DESCRIPTION
Extent 100გვ. ; 19სმ.
653 ## - INDEX TERM--UNCONTROLLED
Uncontrolled term დრამა
653 ## - INDEX TERM--UNCONTROLLED
Uncontrolled term მოთხრობა
653 ## - INDEX TERM--UNCONTROLLED
Uncontrolled term ოჯახი
942 ## - ADDED ENTRY ELEMENTS (KOHA)
Koha item type წიგნი
ეგზემპლარები
Withdrawn status Lost status Damaged status Not for loan Date acquired Barcode Date last seen Price effective from Koha item type
        2018-12-17 21457 2018-12-17 2018-12-17 წიგნი
        2018-12-17 21458 2018-12-17 2018-12-17 წიგნი